Wird geladen...

Changing Agricultural Scenario in North East India

Bibliographische Detailangaben
Weitere Verfasser: Deb,Bimal J. et al
Format: Printed Book
Sprache:Undetermined
Veröffentlicht: New Delhi Concept Publishing Company 2006
Schlagworte:
LEADER 00623nam a2200181Ia 4500
008 140316s9999 xx 000 0 und d
020 |a 8180692647 
082 |a 630.541  |b DEB/CH 
100
245 |a Changing Agricultural Scenario in North East India 
260 |a New Delhi  |b Concept Publishing Company  |c 2006 
300 |a 360 
650 |a Agricultural Development 
650 |a Agricultural Development 
700 |a Deb,Bimal J. et al. 
942 |2 ddc  |c BK 
999 |c 8231  |d 8231 
952 |0 0  |1 0  |2 ddc  |4 0  |6 630_541000000000000_DEBCH  |7 0  |9 9406  |a KAUCLV  |b KAUCLV  |c GENERAL  |d 2014-03-18  |o 630.541 DEB/CH  |p 216420  |r 2014-03-18  |w 2014-03-18  |y BK